The practice of entrepreneurship (Record no. 77001)

MARC details
000 -LEADER
fixed length control field 01003nam a2200229 a 4500
008 - FIXED-LENGTH DATA ELEMENTS--GENERAL INFORMATION
fixed length control field 120416s1982 ||||||||||||||||| || u
020 ## - INTERNATIONAL STANDARD BOOK NUMBER
International Standard Book Number 9221028461
050 ## - LIBRARY OF CONGRESS CALL NUMBER
Classification number HB 615 MER
100 ## - MAIN ENTRY--PERSONAL NAME
Personal name Nelson, Robert E
245 14 - TITLE STATEMENT
Title The practice of entrepreneurship
260 ## - PUBLICATION, DISTRIBUTION, ETC.
Place of publication, distribution, etc. Geneva :
Name of publisher, distributor, etc. International Labour Office
Date of publication, distribution, etc. 1982
300 ## - PHYSICAL DESCRIPTION
Extent ix, 196 p. : ill.
350 ## -
-- 0.00
650 #0 - SUBJECT ADDED ENTRY--TOPICAL TERM
Topical term or geographic name entry element MANAGEMENT
650 ## - SUBJECT ADDED ENTRY--TOPICAL TERM
Topical term or geographic name entry element EXECUTIVE ABILITY
650 #0 - SUBJECT ADDED ENTRY--TOPICAL TERM
Topical term or geographic name entry element ENTREPRENEURSHIP
700 ## - ADDED ENTRY--PERSONAL NAME
Personal name Neck, Philip A
700 ## - ADDED ENTRY--PERSONAL NAME
Personal name Meredith, Geoffrey Grant
995 ## -
-- MAIN LIBRARY OPEN ACCESS
-- 0.00
-- 708425
-- CBU-MAIN LIBRARY (Kitwe)
-- 2
-- 10.00
-- HB 615 Mer
-- 2
-- LOST
-- Mar 6, 2013
-- 002371
-- Main Library Open Access Collection
995 ## -
-- BINDERY (DAMAGED)
-- 0.00
-- 708425
-- CBU-MAIN LIBRARY (Kitwe)
-- 3
-- 10.00
-- HB 615 Mer
-- 3
-- AVAILABLE
-- 002370
-- Main Library Open Access Collection
995 ## -
-- BINDERY (DAMAGED)
-- 0.00
-- 708923
-- CBU-MAIN LIBRARY (Kitwe)
-- 1
-- 10.00
-- HB 615 MER
-- 1
-- DAMAGED
-- 002369
-- Main Library Open Access Collection
999 ## -
-- 77001
-- 77001
Holdings
Withdrawn status Lost status Source of classification or shelving scheme Damaged status Not for loan Permanent Location Current Location Shelving location Date acquired Total Checkouts Full call number Barcode Date last seen Copy number Price effective from Koha item type Date last checked out
          CBU-MAIN LIBRARY, KITWE. CBU-MAIN LIBRARY, KITWE.   04/25/2023   HB 615 MER 002371 04/25/2023 1 04/25/2023 MONOGRAPH  
          CBU-MAIN LIBRARY, KITWE. CBU-MAIN LIBRARY, KITWE.   04/25/2023 1 HB 615 MER 002370 08/29/2025 2 04/25/2023 MONOGRAPH 08/06/2025
          CBU-MAIN LIBRARY, KITWE. CBU-MAIN LIBRARY, KITWE.   04/25/2023   HB 615 MER 002369 04/25/2023 3 04/25/2023 MONOGRAPH